Luật công nghệ cao
Nội dung sách giới thiệu những quy định chung về phát triển công nghệ cao, nhân lực công nghệ cao, cơ sở hạ tầng kỹ thuật phục vụ hoạt động công nghệ cao.
Αποθηκεύτηκε σε:
| Συλλογικό Έργο: | , |
|---|---|
| Μορφή: | Βιβλίο |
| Γλώσσα: | Undetermined |
| Έκδοση: |
Hà Nội
Chính trị Quốc gia
2008
|
| Θέματα: | |
| Ετικέτες: |
Προσθήκη ετικέτας
Δεν υπάρχουν, Καταχωρήστε ετικέτα πρώτοι!
|
| Thư viện lưu trữ: | Trung tâm Học liệu Trường Đại học Cần Thơ |
|---|
| LEADER | 01052nam a2200229Ia 4500 | ||
|---|---|---|---|
| 001 | CTU_143470 | ||
| 008 | 210402s9999 xx 000 0 und d | ||
| 020 | |c 8000 | ||
| 082 | |a 344.597095 | ||
| 082 | |b V308 | ||
| 110 | |a Việt Nam (Cộng hòa xã hội chủ nghĩa) | ||
| 110 | |b Quốc hội | ||
| 245 | 0 | |a Luật công nghệ cao | |
| 245 | 0 | |c Việt Nam (Cộng hòa xã hội chủ nghĩa). Quốc hội | |
| 260 | |a Hà Nội | ||
| 260 | |b Chính trị Quốc gia | ||
| 260 | |c 2008 | ||
| 520 | |a Nội dung sách giới thiệu những quy định chung về phát triển công nghệ cao, nhân lực công nghệ cao, cơ sở hạ tầng kỹ thuật phục vụ hoạt động công nghệ cao. | ||
| 650 | |a Technology and law,Industrial laws and legislation,Luật công nghệ và văn bản thi hành,Luật công nghệ | ||
| 650 | |z Vietnam,Việt Nam | ||
| 904 | |i Tuyến | ||
| 980 | |a Trung tâm Học liệu Trường Đại học Cần Thơ | ||